Evaluation of seedling progenies of male sterile clones of Hevea brasiliensis (Willd. ex. Adr.de Juss.) Muell. Arg. at the nursery stage (Record no. 47088)

MARC details
000 -LEADER
fixed length control field 01558nam a2200277Ia 4500
100 ## - MAIN ENTRY--AUTHOR NAME
Personal name Saraswathyamma C K
245 #0 - TITLE STATEMENT
Title Evaluation of seedling progenies of male sterile clones of Hevea brasiliensis (Willd. ex. Adr.de Juss.) Muell. Arg. at the nursery stage
260 ## - PUBLICATION, DISTRIBUTION, ETC. (IMPRINT)
Name of publisher Indian Journal of Natural Rubber Research
Year of publication 1989
300 ## - PHYSICAL DESCRIPTION
Number of Pages 99-104
520 ## - SUMMARY, ETC.
Summary, etc Seedling progenies of three male sterile clones (GT 1, Ch 2 and RRII 35), along with progenies of a fertile clone (Mil 3/2) as standard, of Hevea brasiliensis were evaluated in the nursery. Seed from the male sterile clones recorded early and higher percentage of germination. The progenies of the male sterile clones were more vigorous compared to the control. Test tapping yield also indicated the superiority of the progenies of male sterile clones. The male sterile clones recorded higher heritability along with higher genetic advance indicating additive gene action. They also had higher general combining ability. Among the male sterile cloens, GT 1 showed significant superiority over the others.
650 ## - SUBJECT ADDED ENTRY--TOPICAL TERM
Topical Term General combining ability
650 ## - SUBJECT ADDED ENTRY--TOPICAL TERM
Topical Term General combining ability
650 ## - SUBJECT ADDED ENTRY--TOPICAL TERM
Topical Term Genotypic variation
650 ## - SUBJECT ADDED ENTRY--TOPICAL TERM
Topical Term Genotypic variation
650 ## - SUBJECT ADDED ENTRY--TOPICAL TERM
Topical Term Hevea
650 ## - SUBJECT ADDED ENTRY--TOPICAL TERM
Topical Term Hevea
650 ## - SUBJECT ADDED ENTRY--TOPICAL TERM
Topical Term Juvenile yield
650 ## - SUBJECT ADDED ENTRY--TOPICAL TERM
Topical Term Juvenile yield
650 ## - SUBJECT ADDED ENTRY--TOPICAL TERM
Topical Term Male sterility
650 ## - SUBJECT ADDED ENTRY--TOPICAL TERM
Topical Term Male sterility
650 ## - SUBJECT ADDED ENTRY--TOPICAL TERM
Topical Term Phenotypic variation
650 ## - SUBJECT ADDED ENTRY--TOPICAL TERM
Topical Term Phenotypic variation
700 ## - ADDED ENTRY--PERSONAL NAME
Personal name Panikkar A O N
942 ## - ADDED ENTRY ELEMENTS (KOHA)
Koha item type Articles
Holdings
Withdrawn status Lost status Damaged status Not for loan Home library Current library Shelving location Date acquired Serial Enumeration / chronology Koha item type
      Articles RRII Library RRII Library Botany 20/12/2021 Volume 2, Issue 2 Articles